000 02084nam0a22003131 4500
001 2565346
005 20251118181705.9
035 _a(NLR Aleph) 006438943
090 _a5623090
_c5623090
100 _a20110316d1979 u y0rusy50 ca
101 0 _arus
102 _aRU
105 _ay z |||||
200 1 _aРекомендации Республиканской научно-практической конференции по внедрению в производство опыта трудового сотрудничества свекловодов и работников сахарного завода Ямпольского района Винницкой области по увеличению производства сахарной свеклы и обеспечению максимального выхода сахара с каждого гектара свекловичного поля
210 _aКиев
_cБ. и.
_d1979
215 _a8 с.
_d20
300 _aВ надзаг.: М-во сел. хоз-ва УССР
606 _aСвекловодство
_yУССР
_2psbo
606 _aСахарная свекла
_xПереработка
_xОрганизация труда
_2psbo
686 _aУ9(2)306.751.40-01е(2)л0
_2rubbk
686 _aУ9(2)325.152.520-01е(2)л0
_2rubbk
710 1 2 _aУкраинская респ. науч.-практ. конф. по внедрению в производство опыта трудового сотрудничества свекловодов и работников сахарного з-да Ямпольского р-на Винницкой обл. по увеличению производства сахарной свеклы и обеспечению максимального выхода сахара с каждого гектара свекловичного поля (1979; Киев)
801 0 _aRU
_bNLR
_gpsbo
801 1 _aRU
_bELAR
_2rusmarc
852 _aNLR
_jDesideratum
899 _aRuMoRGB
_jB 80-37/1286
899 _aRuMoRGB
_jB 80-37/1287
942 _cBOOK
980 _aNB